000 00389nam a22001697a 4500
005 20160613164533.0
008 160613b xxu||||| |||| 00| 0 eng d
020 _a978-81-203-3878-4
041 _aeng
082 _b7295
100 _aIata, rushp & kumar sanjay
_91820
245 _aCommunicate to conquer
260 _bPHI
300 _a131
650 _aManagement
_9241
942 _cBK
999 _c2557
_d2556